Clubs With Best Goal Difference in the 5 Latest Seasons (20) - Statistics

General Stats
  • This quiz has been taken 42 times
  • The average score is 19 of 21
Answer Stats
15/16 16/17 17/18 18/19 19/20 GD Club % Correct
30 41 79 72 67 289 Manchester City
100%
6 52 24 24 15 121 Chelsea
98%
83 79 70 54 48 334 FC Barcelona
98%
55 50 62 40 33 240 Juventus
98%
13 36 46 67 52 214 Liverpool
98%
14 25 40 11 30 120 Manchester United
98%
83 56 79 70 51 360 Paris-Saint Germain
98%
76 65 50 17 45 253 Real Madrid
98%
29 33 23 22 8 115 Arsenal
95%
63 67 64 56 68 355 Bayern Munich
95%
12 23 36 24 45 140 Inter Milan
95%
34 60 38 28 14 174 Tottenham Hotspur
93%
45 43 36 26 24 174 Atlético Madrid
90%
42 52 33 18 26 171 AS Roma
88%
24 29 44 23 15 143 Olympique Lyonnais
88%
48 32 17 37 43 198 Borussia Dortmund
85%
48 55 48 38 11 200 SSC Napoli
85%
0 23 40 10 37 110 SS Lazio
78%
7 76 40 -19 0 110 AS Monaco
71%
27 4 34 44 122 RB Leipzig
61%
-6 21 18 31 50 114 Atalanta
46%
No matching quizzes found
Score Distribution
Percent of People with Each Score
Percentile by Number Answered
Your Score History
You have not taken this quiz